000 00648pam a2200205 4500
020 _a0471736155
040 _cDLC
082 0 0 _a574 WIL 1974 A080 Or.
100 1 _aRosenberg, Norman J.,
245 1 0 _aMicroclimate: the biological environment
260 _aNew York,
_bWiley
_c[1974]
300 _axi, 315 p.
_billus.
_c23 cm.
500 _a"A Wiley-Interscience publication."
650 0 _aMicroclimatology.
650 0 _aMeteorology, Agricultural.
650 2 _aClimate.
856 4 2 _uhttp://www.loc.gov/catdir/enhancements/fy0608/74008952-d.html
856 4 1 _uhttp://www.loc.gov/catdir/enhancements/fy0608/74008952-t.html
942 _cEK
999 _c15528
_d15528